1771 1597 1160 1789 1759 1239 1816 1219 1828 1273 1684 1592 1309 1790 1383 1055 1340 1010 1640 1123 1393 1920 1957 1120 1615 1169 1080 1244 1412 1846 1838 1950 1553 1680 1759 1592 1164 1362 1650 1905 1876 1564 1836 1345 1842 1042 1092 1858 1953 1839 1340 1865 1943 1626 1709 1859 1604 1540 1230 1687 1076 1752 1721 1815 1147 1385 1084 1992 1475 1620 1147 1769 1901 1190 1194 1202 1606 1440 1564 1000 1909 1198 1635 1020 1808 1294 1119 1706 1371 1150 1774 1837 1308 1707 1532 1583 1093 1433 1972 BCNSPRNW ULIB Ver.6.0+V

เปลี่ยนเป็นภาษาไทย

Change to English
 แสดงรายละเอียดบรรณานุกรม
  กลับหน้าหลัก

Brief Record : Get Marc (ISO 2709) : E-mail record : QR code < ปิดหน้าต่าง
LEADER : 00000nam 2200000uu 4500
001    13399125222
003     ULIB
008    161118s2558||||th 000 0 tha d
050 04 ^aLB1025^bป533ค
100 0  ^aดร.ปัทมา ทองสม,อาจารย์เฟื่องฟ้า นรพัลลภ,ดร.อัจฉรา จั่นเพ็ชรและดร.ธนวันต์ ศรีอมรรัตนกุล
245 10 ^aคู่มือครูในการจัดการเรียนการสอนโดยใช้ปัญหาเป็นหลักสำหรับวิทยาลัยพยาบาลในสังกัดสถาบันพระบรมราชชนก /^cดร.ปัทมา ทองสม,อาจารย์เฟื่องฟ้า นรพัลลภ,ดร.อัจฉรา จั่นเพ็ชรและดร.ธนวันต์ ศรีอมรรัตนกุล
260    ^aนนทบุรี :^bโรงพิมพ์ยุทธรินทร์การพิมพ์,^c2558
300    ^a95 หน้า :^bภาพประกอบ ;^c21 ซม
650  0 ^aคู่มือครู^bการเรียนการสอน
945    ^p0^l0^i001529
945    ^p0^l0^i001552
999    ^aวรรณษา ชูชัยมงคล
รายการนี้ยังไม่มีแท็ก
คุณยังไม่ได้ล็อกอิน คุณสามารถมีกิจกรรมร่วมกับเว็บไซต์ได้ แต่ต้องล็อกอินก่อน ::
  ล็อกอิน

รายการสื่อสารสนเทศ

ลำดับที่ ประเภท เลขเรียก/บาร์โค้ด สถานที่ สถานะ
1. การศึกษาทั่วไป
การศึกษาทั่วไป
LB1025 ป533ค ฉ.1 
  Barcode: 001529
ห้องสมุดวิทยาเขตสวรรค์ประชารักษ์
►หนังสือทั่วไป
บนชั้น
2. Book การพยาบาล
Book การพยาบาล
LB1025 ป533ค ฉ.2 
  Barcode: 001552
ห้องสมุดวิทยาเขตสวรรค์ประชารักษ์
►หนังสือทั่วไป
บนชั้น

BibComment


ยังไม่เคยถูกคอมเมนท์

คอมเมนท์ทรัพยากรรายการนี้
  คอมเมนท์: คู่มือครูในการจั..


 Copyright 2026. Bcnsprnw @Library